000 00344nam a2200133Ia 4500
008 210716s1994 xx 000 0 und d
041 _aeng
082 _a382.9143 WATP
100 _awaterhouse, Price.
245 _aDoing business in Malaysia.
260 _aU S A
_bPrice waterhouse
_c1994
300 _a245
650 _aInternational Business
999 _c199016
_d199016